000 00522nam a2200217Ia 4500
003 OSt
005 20221005130358.0
006 a|||||r|||| 00| 0
007 ta
008 221004b |||||||| |||| 00| 0 eng d
024 _a35053
037 _cTextual
040 _aCRL
_cCRL
_beng
041 _2eng
_aeng
082 _a/\2y7M63, K11
245 0 _aReminiscences of Swami Vivekananda
260 _c1961
650 _aSPIRITUALISM
942 _h/\2y7M63, K11
_cTEXL
_2cc
999 _c1057008
_d1057008